|
|
|
|
| LEADER |
00000naa a2200000uu 4500 |
| 001 |
vtls011047084 |
| 003 |
SK-MaSNL |
| 005 |
20260302114911.0 |
| 008 |
220810|2012 xo |||||||||||||||||cze| |
| 015 |
|
|
|a SNBRA
|
| 035 |
|
|
|a (urnnbn)urn:nbn:sk:snk:ar-00937h
|
| 035 |
|
|
|a (uuid)3f095e51-6dcd-4568-a8c2-f1fc7c870922
|
| 035 |
|
|
|a urn:nbn:sk:snk-aauyfm
|
| 040 |
|
|
|a SNKBUCL
|b slo
|c SNKBUCL
|e AACR2
|
| 041 |
0 |
|
|a cze
|
| 044 |
|
|
|a xo
|c SK
|
| 100 |
1 |
|
|a Huzlík, Jiří
|4 aut
|9 774917
|
| 245 |
1 |
0 |
|a Identifakace zdrojů pevných částic a pouličního prachu statistickými metodami
|c Jiří HUZLÍK, Pavel MIKUŠKA, Roman LIČBINSKÝ
|
| 700 |
1 |
|
|a Mikuška, Pavel
|4 aut
|9 774946
|
| 700 |
1 |
|
|a Ličbinský, Roman
|4 aut
|9 774918
|
| 773 |
0 |
|
|t Ochrana ovzdušia 2012
|d Bratislava] : Kongres studio, 2012
|g S. 124-129
|z 9788089565078
|z 97880895650708
|
| 954 |
|
|
|a odborná, vedecká literatúra cudzojazyčná (svetová)
|2 lita
|
| 958 |
|
|
|a OND
|
| 958 |
|
|
|a article12
|
| 958 |
|
|
|a chapter
|
| 999 |
|
|
|c 1262021
|d 1263951
|